000 00519nam a22001697a 4500
005 20251108175738.0
008 250721s2019 xx 000 0 ara d
082 1 4 _a140/غضب
100 1 _aالغضبان، محمد يزيد
245 1 0 _aفلسفة الميتافيزيقا /
264 1 _aعمان :
_bمكتبة المجتمع العربي للنشر و التوزيع،
_c2019.
300 _a257ص.
650 1 7 _aالفلسفة
650 1 7 _aالميتافيزيقا
942 _2ddc
_cBK
999 _c141384
_d141384